000
00214 a2200097 4500
001
23137
100
_a
Lings, M
245
_a
Muslim Saints of the 20th Century
260
_a
_b
G Allen
_c
1961
090
_c
15677
_d
15677
942
_a
NUST-CAE
_c
M
_c
6310
999
_c
258210
_d
258210